| 000 | 00519nam a2200181 i 4500 | ||
|---|---|---|---|
| 001 | 87648 | ||
| 003 | ES-MaACL | ||
| 005 | 20230906175719.0 | ||
| 007 | t| | ||
| 008 | 041222s1980 sp ||||1| spa d | ||
| 100 | 1 |
_aKula, Witold. _969004 |
|
| 245 | 1 | 4 |
_aLas medidas y los hombres / _cpor Witold Kula ; [traducción de Witold Kuss]. |
| 250 | _a[1ª ed.]. | ||
| 260 |
_a[Madrid] : _bSiglo Veintiuno, _c[1980] |
||
| 300 |
_a482 p. ; _c21 cm. |
||
| 700 | 1 |
_aKuss, Witold. _969081 |
|
| 852 |
_aES-MaACL _jA-10896 _bR.99958 |
||
| 999 |
_c87648 _d87648 |
||